|
|
|
|
| LEADER |
00000nab a2200000 a 4500 |
| 001 |
vtls000699453 |
| 003 |
SK-MaSNL |
| 005 |
20260304225720.0 |
| 008 |
140228c1999 xo 0 slo |
| 015 |
|
|
|a SNBRB1999/09-20591
|
| 035 |
|
|
|a CLN000051620
|
| 040 |
|
|
|a SNKBUCL
|b slo
|c SNKBUCL
|e AACR2
|
| 041 |
0 |
|
|a slo
|
| 044 |
|
|
|a xo
|c SK
|
| 080 |
|
|
|a 631.92(4):504
|2 1997
|
| 080 |
|
|
|a 504(4)
|2 1997
|
| 080 |
|
|
|a 631.147(4)
|2 1997
|
| 080 |
|
|
|a 502.3(4)
|2 1997
|
| 100 |
1 |
|
|a Papaj, Karol
|4 aut
|9 475394
|
| 245 |
1 |
0 |
|a Poľnohospodárstvo a životné prostredie
|b možno rozvinúť zveľaďovanie chránených oblastí
|c Karol Papaj
|
| 300 |
|
|
|b Fotogr.
|
| 610 |
2 |
7 |
|a Európska únia
|2 snkbucl
|9 29861
|
| 650 |
0 |
7 |
|a poľnohospodárstvo
|x prostredie životné
|x ochrana
|x Natura 2000
|x Európska únia
|2 snkbucl
|9 1561941
|
| 650 |
0 |
7 |
|a životné prostredie
|2 snkbucl
|9 786
|
| 655 |
|
7 |
|a články z novín a časopisov
|2 snkbucl
|9 267496
|
| 773 |
0 |
|
|t Hospodárske noviny
|g Roč. 7, č. 172 (7.9.1999), s. 11
|x 0862-9567
|
| 850 |
|
|
|a Slovenská národná knižnica v Martine
|
| 852 |
|
|
|a SNK
|b KIS3GCP
|
| 958 |
|
|
|a SK
|
| 992 |
|
|
|a RBX
|
| 999 |
|
|
|c 3179357
|d 3181287
|